Proceedings of the First ACM SIGCOMM Internet Measurement Workshop : IMW 2001 : Alliance Francaise, San Francisco, California, USA, November 1-2, 2001 (Record no. 33956)

MARC details
000 -LEADER
fixed length control field 00521nam a2200169Ia 4500
020 ## - INTERNATIONAL STANDARD BOOK NUMBER
ISBN 1581134355
050 ## - CALL MARK
Classification number TK 5105.875 .I57 .A25/
245 #0 - TITLE STATEMENT
Title Proceedings of the First ACM SIGCOMM Internet Measurement Workshop : IMW 2001 : Alliance Francaise, San Francisco, California, USA, November 1-2, 2001
260 ## - PUBLICATION, DISTRIBUTION, ETC. (IMPRINT)
Place of publication New York
260 ## - PUBLICATION, DISTRIBUTION, ETC. (IMPRINT)
Name of publisher ACM Press
260 ## - PUBLICATION, DISTRIBUTION, ETC. (IMPRINT)
Year of publication c2001
300 ## - PHYSICAL DESCRIPTION
Number of Pages 311 p
650 ## - SUBJECT ADDED ENTRY--TOPICAL TERM
Topical Term Internet_Congresses.
942 ## - ADDED ENTRY ELEMENTS (KOHA)
Koha item type Books
Holdings
Withdrawn status Lost status Source of classification or shelving scheme Damaged status Not for loan Permanent Location Current Location Date acquired Accession Number Price effective from Koha item type
    Library of Congress Classification     NILE UNIVERSITY OF NIGERIA - MAIN LIBRARY NILE UNIVERSITY OF NIGERIA - MAIN LIBRARY 04/23/2025 0005391 04/23/2025 Books